Dos estudios /

Enregistré dans:
Détails bibliographiques
Auteur principal: Vera, Gabriel
Autres auteurs: Núñez, Francisco, Vera, Oscar
Format: Inconnue
Publié: México, D.F.: CENIET
Sujets:
Tags: Ajouter un tag
Pas de tags, Soyez le premier à ajouter un tag!

MARC

LEADER 00000 a2200000 04500
001 18184
003
008 991231s d
040 |a CRAI/IIS  |c CRAI/IIS 
020 |a 968-813-007-9  
022 |a 968-813-007-9  
090 |a 017301  
100 |a Vera, Gabriel  
245 |a Dos estudios /  |c Gabriel Vera 
260 |a México, D.F.:   |b CENIET  
300 |a 67 p.  
650 |a POBREZA  
650 |a INGRESOS DE HOGARES  
650 |a TAMAÑO DE LA FAMILIA  
650 |a JEFE DE FAMILIA  
650 |a OCUPACIONES  
650 |a DISTRIBUCION DE LA POBLACION  
650 |a ACCESO A LA EDUCACION  
650 |a DISTRIBUCION DEL INGRESO  
650 |a ZONAS RURALES  
650 |a ZONAS URBANAS  
650 |a DISTRIBUCION POR EDAD Y SEXO  
650 |a OCUPACIONES  
650 |a INGRESO NACIONAL  
650 |a DENSIDAD DE POBLACION  
650 |a ESCOLARIDAD  
700 |a Núñez, Francisco  
700 |a Vera, Oscar  
999 |c 17398  |d 17398